| 000 -LEADER |
| fixed length control field |
02632cam a2200289ua 4500 |
| 001 - CONTROL NUMBER |
| control field |
001376401 |
| 003 - CONTROL NUMBER IDENTIFIER |
| control field |
DLC |
| 005 - DATE AND TIME OF LATEST TRANSACTION |
| control field |
20190809103249.0 |
| 008 - FIXED-LENGTH DATA ELEMENTS--GENERAL INFORMATION |
| fixed length control field |
170426s2018 njuab rb 001 0 eng |
| 010 ## - LIBRARY OF CONGRESS CONTROL NUMBER |
| LC control number |
2017004057 |
| 020 ## - INTERNATIONAL STANDARD BOOK NUMBER |
| International Standard Book Number |
9781119009252 |
| Qualifying information |
(pbk.) |
| 040 ## - CATALOGING SOURCE |
| Original cataloging agency |
DLC |
| Language of cataloging |
eng |
| Transcribing agency |
DLC |
| Modifying agency |
NCUT |
| 042 ## - AUTHENTICATION CODE |
| Authentication code |
nbic |
| 082 0# - DEWEY DECIMAL CLASSIFICATION NUMBER |
| Classification number |
809 DAM |
| 100 1# - MAIN ENTRY--PERSONAL NAME |
| Personal name |
Damrosch, David. |
| Relator term |
author |
| 245 10 - TITLE STATEMENT |
| Title |
How to read world literature / |
| Statement of responsibility, etc. |
David Damrosch. |
| 250 ## - EDITION STATEMENT |
| Edition statement |
2nd ed. |
| 260 ## - PUBLICATION, DISTRIBUTION, ETC. |
| Place of publication, distribution, etc. |
Hoboken, NJ : |
| Name of publisher, distributor, etc. |
Wiley-Blackwell, |
| Date of publication, distribution, etc. |
2018. |
| 300 ## - PHYSICAL DESCRIPTION |
| Extent |
x, 205 p. : |
| Other physical details |
ill., map ; |
| Dimensions |
24 cm. |
| 490 0# - SERIES STATEMENT |
| Series statement |
How to study literature. |
| 504 ## - BIBLIOGRAPHY, ETC. NOTE |
| Bibliography, etc. note |
Includes bibliographical references (p. 187-196) and index. |
| 505 8# - FORMATTED CONTENTS NOTE |
| Formatted contents note |
Machine generated contents note: Preface to the 2nd ed. 4 Introduction 6 1: What Is "Literature"? 17 2: Reading across Time 51 3: Reading across Cultures 91 4: Reading in Translation 129 5: Brave New Worlds 163 6: Writing Empire 203 7: Global Writing 236 Epilogue: Going Farther. |
| 520 ## - SUMMARY, ETC. |
| Summary, etc. |
"The study of world literature has developed at a rapid pace since the turn of the millennium. Just since this book 1st appeared in 2009, many new courses and several entire programs in world literature have been established, while a growing number of sophisticated studies have contributed to the expansion of world literature as a field of scholarship. These developments have also given rise to renewed debates concerning the politics of world literary study amid the ongoing stresses of globalization, including crises of migration, economic inequality, and tensions between local or national belonging and regional or religious identification. In such difficult times, it is more imperative than ever to find productive ways to read across cultures, gaining a better purchase for critical engagement both with the wider world beyond our shores and with our own home culture - or cultures. It has been a pleasure to be able to return to this book now, and I took this opportunity to expand a very succinct account into a more capacious but still accessible introduction to the key issues involved in the study of world literature today, as illustrated through a range of remarkable works from across the centuries and around the world. In preparing this new ed., which is half again the size of the 1st, I've brought in a range of new writers and have expanded the treatment of others. In particular, I've opened out what had been a single chapter on travel and empire into two full-length chapters"-- |
| Assigning source |
Provided by publisher. |
| 650 #0 - SUBJECT ADDED ENTRY--TOPICAL TERM |
| Topical term or geographic name entry element |
Literature |
| General subdivision |
History and criticism. |
| 650 #0 - SUBJECT ADDED ENTRY--TOPICAL TERM |
| Topical term or geographic name entry element |
Literature and globalization. |
| 942 ## - ADDED ENTRY ELEMENTS (KOHA) |
| Source of classification or shelving scheme |
|
| Koha item type |
Books - Non Ficton |